Music cultures of the Pacific, the Near East, and Asia
Shranjeno v:
| Glavni avtor: | |
|---|---|
| Format: | Knjiga |
| Jezik: | angleščina |
| Izdano: |
Englewood Cliffs
Prentice-Hall
1967
|
| Teme: | |
| Oznake: |
Označite
Brez oznak, prvi označite!
|
MARC
| LEADER | 00000nam a2200000 a 4500 | ||
|---|---|---|---|
| 001 | UCN2946 | ||
| 003 | CL-VaPUC | ||
| 008 | 010615e19670000us |||||||||||||||||eng|d | ||
| 082 | 0 | 4 | |a 780.89 |b MAL |2 21 |
| 100 | |a Malm, William P. |e autor |9 459290 | ||
| 245 | 1 | 0 | |a Music cultures of the Pacific, the Near East, and Asia |
| 300 | |a 169 p | ||
| 942 | |c BK | ||
| 945 | |d 20010615 00:00:00 |a crobeson | ||
| 260 | |a Englewood Cliffs |b Prentice-Hall |c 1967 | ||
| 650 | 0 | |a Música |9 306269 | |
| 650 | 0 | |a Música tradicional |9 459272 | |
| 650 | 0 | |a Música folklórica |9 306412 | |
| 650 | 0 | |a Etnomusicología |9 306273 | |
| 650 | 0 | |a Antropología cultural y social |9 265143 | |
| 583 | |a last modification |c 20150429 04:43:23 |k Rodrigo Vera | ||
| 999 | |c 295962 |d 295960 | ||
| 952 | |0 0 |1 0 |4 0 |6 780_890000000000000_MAL_1967 |7 0 |8 A |9 349420 |a BIBEDU |b BIBEDU |d 2019-11-20 |i 118654K |o 780.89 MAL 1967 |p 118654K |r 2023-01-12 |w 2019-11-20 |y BK |k MUS | ||